| 000 | 01382cam a2200337 i 4500 | ||
|---|---|---|---|
| 001 | 1985 | ||
| 003 | Mx-PuUPA | ||
| 005 | 20240410103432.0 | ||
| 008 | 140415s1977 sp a fr 000 0 spa d | ||
| 020 | _a8425206847 | ||
| 040 |
_aMx-PuUPA _bspa _cMx-PuUPA _dMx-PuUPA _erda |
||
| 041 | 1 |
_aspa _hger |
|
| 100 | 1 |
_aHerzog, Thomas, _d1941- _eautor _912127 |
|
| 240 | 1 | 0 |
_aPneumatische konstruktionen bauten aus membranen und luft. _lEspañol |
| 245 | 1 | 0 |
_aConstrucciones neumáticas : _bmanual de arquitectura hinchable / _cThomas Herzog ; con la colaboración de Gernot MInke y Hans Eggers ; versión castellana de Aldo Bruni |
| 264 | 1 |
_aBarcelona : _bEditorial Gustavo Gil, _c1977 |
|
| 300 |
_a191 páginas : _bilustraciones, diagramas, planos ; _c26 cm. |
||
| 336 |
_2rdacontent _atexto _btxt |
||
| 337 |
_2rdamedia _asin medio _bn |
||
| 338 |
_2rdacarrier _avolumen _bnc |
||
| 650 | 7 |
_aEstructuras sustentadas por aire _2armarc |
|
| 650 | 7 |
_aConstrucciones neumáticas _2armarc |
|
| 650 | 7 | _aMáquinas neumáticas | |
| 700 | 1 |
_aMinke, Gernot, _ecolaborador |
|
| 700 | 1 |
_aEggers, Hans, _ecolaborador |
|
| 700 | 1 |
_aBruni, Aldo, _etraductor |
|
| 765 | 0 | 8 |
_aHerzog, Thomas, 1941- _dStuttgart : Verlag Gerd Hatje, 1976 _tPneumatische konstruktionen bauten aus membranen und luft. |
| 942 |
_2ddc _cLI _h693.98 _iH535 |
||
| 999 |
_c1985 _d1985 |
||